[Event "16. Open Ciutat de Montcada 2008"]
[Site "Montcada i Reixac ESP"]
[Date "2008.06.30"]
[Round "6.6"]
[White "Rojas, Luis"]
[Black "Cuartas, Jaime Alexander"]
[Result "1/2-1/2"]
[WhiteElo "2428"]
[BlackElo "2496"]
[PlyCount "71"]
[EventDate "2008.06.25"]
[EventType "swiss"]
[EventRounds "9"]
[EventCountry "ESP"]
[Source "lmi"]
[SourceDate "2008.06.25"]

1. e4 c6 2. d4 d5 3. Nd2 dxe4 4. Nxe4 Nd7 5. Nf3 Ngf6 6. Ng3 e6 7. Bd3 c5 8.
O-O cxd4 9. Nxd4 Nc5 10. Bb5+ Bd7 11. Qf3 Bxb5 12. Nxb5 Qb6 13. Nd4 Ncd7 14.
Rd1 Bc5 15. Nb3 O-O 16. Nxc5 Qxc5 17. c3 b5 18. Ne4 Nxe4 19. Rxd7 Qc6 20. Rd4
f5 21. Qe2 e5 22. Rd1 Rad8 23. Rxd8 Rxd8 24. Be3 a6 25. f3 Nd6 26. Bf2 Nf7 27.
Rd1 Rd5 28. Rxd5 Qxd5 29. b3 Nd6 30. h3 Kf7 31. Qe3 Ke6 32. Qb6 Qb7 33. Qd8 Qc8
34. Qb6 Qb7 35. Qd8 Qc8 36. Qb6 1/2-1/2

[Event "16. Open Ciutat de Montcada 2008"]
[Site "Montcada i Reixac ESP"]
[Date "2008.06.30"]
[Round "6.7"]
[White "Petrov, Marijan"]
[Black "Sriram, Jha"]
[Result "1/2-1/2"]
[WhiteElo "2489"]
[BlackElo "2452"]
[PlyCount "24"]
[EventDate "2008.06.25"]
[EventType "swiss"]
[EventRounds "9"]
[EventCountry "ESP"]
[Source "lmi"]
[SourceDate "2008.06.25"]

1. e4 e5 2. Nf3 Nc6 3. Nc3 Nf6 4. g3 Bc5 5. Bg2 d6 6. d3 a6 7. O-O O-O 8. Be3
Bxe3 9. fxe3 Ne7 10. Nh4 c6 11. Qd2 d5 12. Nf5 dxe4 1/2-1/2

[Event "16. Open Ciutat de Montcada 2008"]
[Site "Montcada i Reixac ESP"]
[Date "2008.06.30"]
[Round "6.8"]
[White "Lopez Martinez, Josep Manuel"]
[Black "Asis Gargatagli, Hipolit"]
[Result "1-0"]
[WhiteElo "2575"]
[BlackElo "2390"]
[PlyCount "63"]
[EventDate "2008.06.25"]
[EventType "swiss"]
[EventRounds "9"]
[EventCountry "ESP"]
[Source "lmi"]
[SourceDate "2008.06.25"]

1. Nf3 Nc6 2. d4 d5 3. g3 Bf5 4. Bg2 e6 5. O-O Nb4 6. Na3 c6 7. c4 Nf6 8. Bd2
a5 9. Qb3 Be7 10. Rfc1 O-O 11. c5 Nd7 12. Nb1 b6 13. a3 bxc5 14. axb4 c4 15.
Qd1 axb4 16. Rxa8 Qxa8 17. Nh4 Bxb1 18. Rxb1 Qa2 19. Nf3 Ra8 20. Bf1 Bd6 21. e3
Nb6 22. Kg2 g6 23. g4 b3 24. Qc1 Na4 25. Ra1 Nxb2 26. Rxa2 Rxa2 27. Be1 Ba3 28.
Qb1 Na4 29. Ba5 Bb2 30. Qe1 c3 31. Bxc3 Nxc3 32. Bd3 1-0

[Event "16. Open Ciutat de Montcada 2008"]
[Site "Montcada i Reixac ESP"]
[Date "2008.06.30"]
[Round "6.9"]
[White "Cruz, Filemon"]
[Black "Barsov, Alexei"]
[Result "1/2-1/2"]
[WhiteElo "2403"]
[BlackElo "2480"]
[PlyCount "48"]
[EventDate "2008.06.25"]
[EventType "swiss"]
[EventRounds "9"]
[EventCountry "ESP"]
[Source "lmi"]
[SourceDate "2008.06.25"]

1. d4 Nf6 2. Nf3 d5 3. c4 e6 4. Nc3 Bb4 5. e3 O-O 6. Bd3 c5 7. O-O cxd4 8. exd4
dxc4 9. Bxc4 b6 10. Bg5 Bb7 11. Qe2 Bxc3 12. bxc3 Nbd7 13. Bd3 Qc7 14. c4 Ng4
15. g3 Rae8 16. Nd2 f5 17. f3 h6 18. fxg4 hxg5 19. gxf5 Qd6 20. Qf2 Nc5 21. Bc2
exf5 22. Rae1 Rd8 23. d5 b5 24. Nb3 Ne4 1/2-1/2

[Event "16. Open Ciutat de Montcada 2008"]
[Site "Montcada i Reixac ESP"]
[Date "2008.06.30"]
[Round "6.10"]
[White "Munoz Pantoja, Miguel"]
[Black "Fernandez Aguado, Enrique"]
[Result "1-0"]
[WhiteElo "2478"]
[BlackElo "2361"]
[PlyCount "39"]
[EventDate "2008.06.25"]
[EventType "swiss"]
[EventRounds "9"]
[EventCountry "ESP"]
[Source "lmi"]
[SourceDate "2008.06.25"]

1. e4 e5 2. Nf3 Nc6 3. Bb5 Bc5 4. O-O Nf6 5. Nxe5 Nxe5 6. d4 c6 7. dxe5 Nxe4 8.
Bd3 Nxf2 9. Rxf2 Bxf2+ 10. Kxf2 Qh4+ 11. Kg1 Qd4+ 12. Kh1 Qxe5 13. Nd2 O-O 14.
Nc4 Qf6 15. Nd6 b5 16. c3 g6 17. Bc2 c5 18. Bh6 Rd8 19. Qd2 Qe6 20. Be4 1-0

[Event "16. Open Ciutat de Montcada 2008"]
[Site "Montcada i Reixac ESP"]
[Date "2008.07.01"]
[Round "7.1"]
[White "Gonzalez Vidal, Yuri"]
[Black "Peralta, Fernando"]
[Result "1/2-1/2"]
[WhiteElo "2477"]
[BlackElo "2546"]
[PlyCount "22"]
[EventDate "2008.06.25"]
[EventType "swiss"]
[EventRounds "9"]
[EventCountry "ESP"]
[Source "lmi"]
[SourceDate "2008.06.25"]

1. e4 d6 2. d4 Nf6 3. Nc3 g6 4. Bg5 Bg7 5. f4 O-O 6. Qd2 c6 7. Nf3 Bg4 8. Bd3
Nbd7 9. Ng1 b5 10. h3 b4 11. hxg4 bxc3 1/2-1/2

[Event "16. Open Ciutat de Montcada 2008"]
[Site "Montcada i Reixac ESP"]
[Date "2008.07.01"]
[Round "7.2"]
[White "Bruzon Batista, Lazaro"]
[Black "Radulski, Julian"]
[Result "1/2-1/2"]
[WhiteElo "2608"]
[BlackElo "2514"]
[PlyCount "35"]
[EventDate "2008.06.25"]
[EventType "swiss"]
[EventRounds "9"]
[EventCountry "ESP"]
[Source "lmi"]
[SourceDate "2008.06.25"]

1. e4 e5 2. Nf3 Nc6 3. Bb5 a6 4. Ba4 Nf6 5. O-O Be7 6. d3 b5 7. Bb3 d6 8. a4
Na5 9. Ba2 b4 10. Nbd2 c5 11. Nc4 Nxc4 12. Bxc4 O-O 13. Be3 a5 14. Re1 Nd7 15.
c3 Nb6 16. Bb3 Kh8 17. Nd2 f5 18. exf5 1/2-1/2

[Event "16. Open Ciutat de Montcada 2008"]
[Site "Montcada i Reixac ESP"]
[Date "2008.07.01"]
[Round "7.4"]
[White "Munoz Pantoja, Miguel"]
[Black "Lopez Martinez, Josep Manuel"]
[Result "1/2-1/2"]
[WhiteElo "2478"]
[BlackElo "2575"]
[PlyCount "69"]
[EventDate "2008.06.25"]
[EventType "swiss"]
[EventRounds "9"]
[EventCountry "ESP"]
[Source "lmi"]
[SourceDate "2008.06.25"]

1. e4 c6 2. Nc3 d5 3. Nf3 dxe4 4. Nxe4 Bf5 5. Ng3 Bg4 6. Be2 Nd7 7. O-O e6 8.
d4 Ngf6 9. Ne5 Bxe2 10. Qxe2 Be7 11. c4 O-O 12. b3 a5 13. a3 Re8 14. Bb2 Qb6
15. Qc2 Rad8 16. Rfd1 Qc7 17. Bc3 Bd6 18. Qe2 Bf8 19. b4 axb4 20. axb4 Ra8 21.
Qf3 Nb6 22. h4 Rxa1 23. Rxa1 Ra8 24. Rxa8 Nxa8 25. h5 h6 26. Bd2 Qe7 27. Ne4
Nxe4 28. Qxe4 Nb6 29. Qg4 Kh8 30. Qf4 Kg8 31. Qg3 Kh7 32. Qd3+ Kg8 33. Qg3 Kh7
34. Qd3+ Kg8 35. Qg3 1/2-1/2

[Event "16. Open Ciutat de Montcada 2008"]
[Site "Montcada i Reixac ESP"]
[Date "2008.07.01"]
[Round "7.5"]
[White "Sriram, Jha"]
[Black "Narciso Dublan, Marc"]
[Result "1-0"]
[WhiteElo "2452"]
[BlackElo "2509"]
[PlyCount "117"]
[EventDate "2008.06.25"]
[EventType "swiss"]
[EventRounds "9"]
[EventCountry "ESP"]
[Source "lmi"]
[SourceDate "2008.06.25"]

1. d4 f5 2. g3 Nf6 3. Bg2 e6 4. c4 c6 5. Nd2 d5 6. Nh3 Bd6 7. O-O O-O 8. Qc2 b6
9. Nf3 Bb7 10. Bf4 Na6 11. Rfd1 Rc8 12. Rac1 Re8 13. a3 c5 14. Bxd6 Qxd6 15.
dxc5 Qxc5 16. Nd4 Qe7 17. Qa4 Nc5 18. Qb4 dxc4 19. Qxc4 Nce4 20. Qa4 Nd5 21.
Qb3 Rxc1 22. Rxc1 Qd7 23. e3 Nc5 24. Qb5 Qxb5 25. Nxb5 Nd3 26. Rb1 Bc6 27. Nxa7
Bd7 28. Bxd5 exd5 29. Rd1 Nxb2 30. Rxd5 Be6 31. Rd4 Nc4 32. Ng5 Nxa3 33. Rd6
Ba2 34. Rxb6 h6 35. Nf3 Bd5 36. Nd4 Ra8 37. Nac6 Nc4 38. Ne7+ Kf7 39. Nxd5 Nxb6
40. Nxb6 Ra1+ 41. Kg2 g6 42. Nc4 Kf6 43. h4 Ra2 44. h5 gxh5 45. Nd6 h4 46.
N6xf5 hxg3 47. Kxg3 h5 48. f4 Ra8 49. e4 Ra3+ 50. Kh4 Kg6 51. Ng3 Ra2 52. Kh3
Rf2 53. f5+ Kf6 54. Nc6 h4 55. e5+ Kg7 56. Kxh4 Rc2 57. Nd4 Rc4 58. Nge2 Kf7
59. Kg5 1-0

[Event "16. Open Ciutat de Montcada 2008"]
[Site "Montcada i Reixac ESP"]
[Date "2008.07.01"]
[Round "7.6"]
[White "Corrales Jimenez, Fidel"]
[Black "Rojas, Luis"]
[Result "0-1"]
[WhiteElo "2502"]
[BlackElo "2428"]
[PlyCount "70"]
[EventDate "2008.06.25"]
[EventType "swiss"]
[EventRounds "9"]
[EventCountry "ESP"]
[Source "lmi"]
[SourceDate "2008.06.25"]

1. e4 g6 2. d4 Bg7 3. Nc3 d6 4. f4 Nf6 5. Nf3 c5 6. dxc5 Qa5 7. Bd3 Qxc5 8. Qe2
O-O 9. Be3 Qa5 10. O-O Bg4 11. a3 Nc6 12. b4 Qd8 13. Rae1 Nh5 14. Qd2 Rc8 15.
Ne2 e5 16. fxe5 Bxf3 17. gxf3 Nxe5 18. Rd1 a6 19. f4 Ng4 20. Ng3 Nxg3 21. hxg3
Rc3 22. Ra1 Qd7 23. Kg2 Rfc8 24. Bg1 Qa4 25. Kh3 h5 26. e5 Qd7 27. e6 Qxe6 28.
f5 Qd5 29. Rad1 Ne5 30. Be2 Qe4 31. Rf4 Qxc2 32. fxg6 Nxg6 33. Rff1 Qe4 34. Bh2
Rc2 35. Bf3 Qe6+ 0-1

[Event "16. Open Ciutat de Montcada 2008"]
[Site "Montcada i Reixac ESP"]
[Date "2008.07.01"]
[Round "7.7"]
[White "Cuartas, Jaime Alexander"]
[Black "Granados Gomez, Manuel"]
[Result "0-1"]
[WhiteElo "2496"]
[BlackElo "2417"]
[PlyCount "40"]
[EventDate "2008.06.25"]
[EventType "swiss"]
[EventRounds "9"]
[EventCountry "ESP"]
[Source "lmi"]
[SourceDate "2008.06.25"]

1. e4 e5 2. Nf3 Nc6 3. Bb5 Nf6 4. d3 Bc5 5. Be3 Bxe3 6. fxe3 d6 7. O-O O-O 8.
Nc3 Ne7 9. Bc4 c6 10. Bb3 Ng6 11. Qe1 Be6 12. Kh1 Bxb3 13. axb3 d5 14. Qg3 dxe4
15. dxe4 Qe7 16. Ng5 h6 17. Nf3 Rfd8 18. Nh4 Nh5 19. Qf3 Qxh4 20. Qxf7+ Kh7 0-1

[Event "16. Open Ciutat de Montcada 2008"]
[Site "Montcada i Reixac ESP"]
[Date "2008.07.01"]
[Round "7.8"]
[White "Panelo, Marcelo"]
[Black "Petrov, Marijan"]
[Result "0-1"]
[WhiteElo "2403"]
[BlackElo "2489"]
[PlyCount "82"]
[EventDate "2008.06.25"]
[EventType "swiss"]
[EventRounds "9"]
[EventCountry "ESP"]
[Source "lmi"]
[SourceDate "2008.06.25"]

1. d4 g6 2. c4 Bg7 3. Nf3 c5 4. d5 d6 5. e4 e6 6. Nc3 exd5 7. cxd5 a6 8. h3 b5
9. Bd3 Ne7 10. O-O O-O 11. a3 Nd7 12. Bg5 h6 13. Bh4 Re8 14. Re1 Qb6 15. Rc1 c4
16. Bc2 g5 17. Bg3 Ng6 18. h4 Nde5 19. Nxe5 gxh4 20. Bh2 Bxe5 21. Bxe5 Rxe5 22.
Ne2 Rg5 23. Qd4 Qxd4 24. Nxd4 Nf4 25. g3 hxg3 26. fxg3 Rxg3+ 27. Kf2 Rg5 28.
Rh1 Kg7 29. Nf3 Rg2+ 30. Ke3 Ng6 31. Ne1 Rg3+ 32. Kf2 Rg4 33. Nf3 Bd7 34. Rcg1
Re8 35. Rxg4 Bxg4 36. Nd4 Re5 37. Rg1 Rg5 38. Nc6 Bd7 39. Ra1 Bxc6 40. dxc6 Rc5
41. a4 b4 0-1

[Event "16. Open Ciutat de Montcada 2008"]
[Site "Montcada i Reixac ESP"]
[Date "2008.07.01"]
[Round "7.9"]
[White "Barsov, Alexei"]
[Black "Vehi Bach, Victor Manuel"]
[Result "1-0"]
[WhiteElo "2480"]
[BlackElo "2381"]
[PlyCount "58"]
[EventDate "2008.06.25"]
[EventType "swiss"]
[EventRounds "9"]
[EventCountry "ESP"]
[Source "lmi"]
[SourceDate "2008.06.25"]

1. d4 Nf6 2. Nf3 e6 3. c4 d5 4. Nc3 Bb4 5. cxd5 exd5 6. Bg5 O-O 7. e3 c5 8. Be2
Nbd7 9. O-O Qa5 10. Nd2 Bxc3 11. bxc3 Qxc3 12. Rc1 Qa3 13. dxc5 Qxa2 14. Re1
Re8 15. Bb5 Qa5 16. Rb1 a6 17. Bxf6 axb5 18. Ra1 Nxf6 19. Rxa5 Rxa5 20. e4 dxe4
21. Nxe4 Nxe4 22. Rxe4 Be6 23. h4 h6 24. Qd6 Ra6 25. Qd3 Ra5 26. Rd4 Bc4 27.
Qf3 Ra7 28. Kh2 Rc8 29. Rf4 Be6 1-0

[Event "16. Open Ciutat de Montcada 2008"]
[Site "Montcada i Reixac ESP"]
[Date "2008.07.01"]
[Round "7.10"]
[White "Strohhaeker, Raoul"]
[Black "Roy Chowdhury, Saptarshi"]
[Result "1/2-1/2"]
[WhiteElo "2393"]
[BlackElo "2434"]
[PlyCount "60"]
[EventDate "2008.06.25"]
[EventType "swiss"]
[EventRounds "9"]
[EventCountry "ESP"]
[Source "lmi"]
[SourceDate "2008.06.25"]

1. e4 c5 2. Nf3 Nc6 3. d4 cxd4 4. Nxd4 e5 5. Nb5 d6 6. N1c3 a6 7. Na3 b5 8. Nd5
Nge7 9. c4 Nd4 10. cxb5 Nxd5 11. exd5 Be7 12. Bc4 axb5 13. Nxb5 Ba6 14. Na3 Qc7
15. Qa4+ Qd7 16. Qxd7+ Kxd7 17. Be3 Nc2+ 18. Nxc2 Bxc4 19. Nb4 Rhb8 20. Bd2 Rb5
21. a3 h6 22. Bc3 Bd8 23. O-O-O Ba5 24. Kb1 Bxb4 25. Bxb4 Bxd5 26. Rhe1 Ra6 27.
f3 h5 28. Re3 Be6 29. b3 f6 30. Kb2 g5 1/2-1/2

[Event "16. Open Ciutat de Montcada 2008"]
[Site "Montcada i Reixac ESP"]
[Date "2008.07.02"]
[Round "8.3"]
[White "Petrov, Marijan"]
[Black "Bruzon Batista, Lazaro"]
[Result "1/2-1/2"]
[WhiteElo "2489"]
[BlackElo "2608"]
[PlyCount "83"]
[EventDate "2008.06.25"]
[EventType "swiss"]
[EventRounds "9"]
[EventCountry "ESP"]
[Source "lmi"]
[SourceDate "2008.06.25"]

1. e4 e5 2. Nf3 Nc6 3. Bc4 Nf6 4. d3 Be7 5. O-O O-O 6. Re1 d6 7. a4 Be6 8. Nbd2
h6 9. c3 Qd7 10. a5 a6 11. Bb3 Rad8 12. Nc4 Qc8 13. Ne3 Bxb3 14. Qxb3 Rfe8 15.
h3 Bf8 16. Bd2 Nb8 17. Nh2 Nbd7 18. Nhg4 c6 19. Nxf6+ Nxf6 20. Nc4 Re6 21. Rad1
Rde8 22. Qc2 Qd8 23. b4 g6 24. Nb6 Nd7 25. Nxd7 Qxd7 26. c4 d5 27. Qb3 Rd8 28.
Bc3 Bg7 29. g3 d4 30. Bd2 f5 31. b5 Rf8 32. bxa6 bxa6 33. exf5 Rxf5 34. Re4
Ref6 35. Be1 Rf3 36. Kg2 Qf5 37. Qc2 Rf8 38. Qe2 c5 39. Rb1 Qf7 40. Rb6 Rf6 41.
h4 h5 42. Rb2 1/2-1/2

[Event "16. Open Ciutat de Montcada 2008"]
[Site "Montcada i Reixac ESP"]
[Date "2008.07.02"]
[Round "8.4"]
[White "Rojas, Luis"]
[Black "Sriram, Jha"]
[Result "1/2-1/2"]
[WhiteElo "2428"]
[BlackElo "2452"]
[PlyCount "97"]
[EventDate "2008.06.25"]
[EventType "swiss"]
[EventRounds "9"]
[EventCountry "ESP"]
[Source "lmi"]
[SourceDate "2008.06.25"]

1. e4 e5 2. Nf3 Nc6 3. d4 exd4 4. Nxd4 Bc5 5. Be3 Qf6 6. c3 Nge7 7. g3 h5 8. f4
Bxd4 9. cxd4 d5 10. Nc3 Bg4 11. Be2 Bxe2 12. Qxe2 Nxd4 13. Qf2 c5 14. O-O-O
dxe4 15. Bxd4 cxd4 16. Qxd4 Qxd4 17. Rxd4 f5 18. Rhd1 Nc6 19. Rd7 Nb4 20. R1d6
O-O 21. Rxb7 Nd3+ 22. Kd2 Rad8 23. Rd5 Rxd5 24. Nxd5 Rf7 25. Rxf7 Kxf7 26. Kc3
Ke6 27. Ne3 h4 28. b4 hxg3 29. hxg3 Nc1 30. a4 Ne2+ 31. Kc4 Nxg3 32. b5 g5 33.
fxg5 f4 34. Nd5 f3 35. a5 Nf5 36. Nf4+ Ke5 37. Nh3 Nd6+ 38. Kc3 Nxb5+ 39. Kd2
Nd6 40. g6 Nf5 41. Ng5 e3+ 42. Kd3 Kf4 43. Ne6+ Kg3 44. Nd4 Nxd4 45. g7 e2 46.
g8=Q+ Kf2 47. Qh8 e1=Q 48. Qh2+ Kf1 49. Qh1+ 1/2-1/2

[Event "16. Open Ciutat de Montcada 2008"]
[Site "Montcada i Reixac ESP"]
[Date "2008.07.02"]
[Round "8.5"]
[White "Granados Gomez, Manuel"]
[Black "Fluvia Poyatos, Jordi"]
[Result "1/2-1/2"]
[WhiteElo "2417"]
[BlackElo "2504"]
[PlyCount "122"]
[EventDate "2008.06.25"]
[EventType "swiss"]
[EventRounds "9"]
[EventCountry "ESP"]
[Source "lmi"]
[SourceDate "2008.06.25"]

1. d4 Nf6 2. Nf3 g6 3. c3 Bg7 4. Bg5 d5 5. Nbd2 Nbd7 6. e3 O-O 7. Bd3 c5 8. O-O
b6 9. Qe2 Bb7 10. Ba6 Qc8 11. Bxb7 Qxb7 12. a4 Rfe8 13. Bf4 Ne4 14. Nxe4 dxe4
15. Nd2 e5 16. dxe5 Nxe5 17. Bxe5 Rxe5 18. Rfd1 Rd8 19. Nf1 Red5 20. Rxd5 Qxd5
21. Qa6 Qb3 22. Qb5 Qxb5 23. axb5 Rd7 24. f3 exf3 25. gxf3 c4 26. e4 Bh6 27.
Ra4 Rc7 28. Kf2 Rc5 29. Rb4 Rh5 30. Rxc4 Rxb5 31. b4 a5 32. Ne3 Bxe3+ 33. Kxe3
Rh5 34. bxa5 bxa5 35. Ra4 Rxh2 36. Rxa5 h5 37. c4 Rc2 38. Kd4 Kg7 39. Ra1 Kf6
40. f4 h4 41. Ra6+ Kg7 42. Ra1 Kh6 43. Ke3 Rb2 44. Rc1 h3 45. c5 h2 46. c6 Rc2
47. Rh1 Kh5 48. c7 Rc3+ 49. Kd4 Rxc7 50. Rxh2+ Kg4 51. Rf2 Ra7 52. Rf1 Ra5 53.
Rg1+ Kf3 54. Rf1+ Ke2 55. Rb1 Ra6 56. Rb3 Kf2 57. Rb7 f6 58. Rg7 Kf3 59. Rxg6
Kxf4 60. Kd5 Rb6 61. e5 Rb5+ 1/2-1/2

[Event "16. Open Ciutat de Montcada 2008"]
[Site "Montcada i Reixac ESP"]
[Date "2008.07.02"]
[Round "8.6"]
[White "Lopez Martinez, Josep Manuel"]
[Black "Perpinya Rofes, Lluis Maria"]
[Result "1-0"]
[WhiteElo "2575"]
[BlackElo "2414"]
[PlyCount "69"]
[EventDate "2008.06.25"]
[EventType "swiss"]
[EventRounds "9"]
[EventCountry "ESP"]
[Source "lmi"]
[SourceDate "2008.06.25"]

1. e4 c5 2. Nf3 Nc6 3. d4 cxd4 4. Nxd4 Nf6 5. Nc3 d6 6. Bg5 e6 7. Qd2 a6 8.
O-O-O Bd7 9. f3 Be7 10. Be3 h5 11. Kb1 Qc7 12. Bd3 Na5 13. h3 h4 14. f4 b5 15.
a3 Rb8 16. Rhe1 O-O 17. e5 dxe5 18. fxe5 b4 19. Ncb5 Bxb5 20. exf6 Bxf6 21.
Nxb5 axb5 22. Qxb4 Nc4 23. c3 Rbc8 24. Bc1 Ra8 25. Re2 Ra4 26. Qb3 Rfa8 27. Be4
R8a6 28. Rd3 g6 29. Qd1 Nd6 30. Bf3 e5 31. Rd5 e4 32. Bg4 Qc6 33. Rc2 Kg7 34.
Rf2 Qa8 35. Bh6+ 1-0

[Event "16. Open Ciutat de Montcada 2008"]
[Site "Montcada i Reixac ESP"]
[Date "2008.07.02"]
[Round "8.7"]
[White "Barsov, Alexei"]
[Black "Munoz Pantoja, Miguel"]
[Result "1/2-1/2"]
[WhiteElo "2480"]
[BlackElo "2478"]
[PlyCount "36"]
[EventDate "2008.06.25"]
[EventType "swiss"]
[EventRounds "9"]
[EventCountry "ESP"]
[Source "lmi"]
[SourceDate "2008.06.25"]

1. d4 Nf6 2. Nf3 c5 3. d5 d6 4. Nc3 g6 5. e4 Bg4 6. Be2 Bxf3 7. Bxf3 Nbd7 8. g4
h6 9. h4 Bg7 10. g5 hxg5 11. hxg5 Rxh1+ 12. Bxh1 Nh7 13. Qd3 a6 14. a4 Qb6 15.
Nd1 O-O-O 16. a5 Qb5 17. Bg2 Qxd3 18. cxd3 f6 1/2-1/2

[Event "16. Open Ciutat de Montcada 2008"]
[Site "Montcada i Reixac ESP"]
[Date "2008.07.02"]
[Round "8.8"]
[White "Corrales Jimenez, Fidel"]
[Black "Jerez Perez, Alfonso"]
[Result "0-1"]
[WhiteElo "2502"]
[BlackElo "2411"]
[PlyCount "104"]
[EventDate "2008.06.25"]
[EventType "swiss"]
[EventRounds "9"]
[EventCountry "ESP"]
[Source "lmi"]
[SourceDate "2008.06.25"]

1. e4 c5 2. Nf3 d6 3. d4 Nf6 4. Nc3 cxd4 5. Nxd4 Nc6 6. Bg5 e6 7. Qd2 Be7 8.
O-O-O Nxd4 9. Qxd4 O-O 10. f4 h6 11. Bh4 Qa5 12. Bb5 a6 13. e5 dxe5 14. fxe5
Nd5 15. Bxe7 Nxe7 16. Bd3 Nf5 17. Qf4 Qc5 18. Rhe1 Qe7 19. g4 Nh4 20. Kb1 Bd7
21. Be4 Rac8 22. Rd6 Bc6 23. Bxc6 Rxc6 24. Rxc6 bxc6 25. Rd1 Ng6 26. Qc4 Nxe5
27. Qxa6 Qb4 28. Qa4 Qxa4 29. Nxa4 Nxg4 30. Nc5 Nxh2 31. a4 g5 32. a5 g4 33. b4
h5 34. a6 g3 35. Kb2 h4 36. Nb7 Ra8 37. Rd8+ Rxd8 38. Nxd8 g2 39. a7 g1=Q 40.
a8=Q Qd4+ 41. Kb3 Qd5+ 42. Kb2 Kg7 43. Nxc6 Ng4 44. Qa6 h3 45. Ne7 Qe5+ 46. Ka2
h2 47. Qa8 Nf6 48. Qg2+ Kf8 49. Ng6+ fxg6 50. c4 Qf4 51. Kb3 Ne4 52. Ka4 Nf2
0-1

[Event "16. Open Ciutat de Montcada 2008"]
[Site "Montcada i Reixac ESP"]
[Date "2008.07.02"]
[Round "8.9"]
[White "Narciso Dublan, Marc"]
[Black "Fernandez Aguado, Enrique"]
[Result "1-0"]
[WhiteElo "2509"]
[BlackElo "2361"]
[PlyCount "65"]
[EventDate "2008.06.25"]
[EventType "swiss"]
[EventRounds "9"]
[EventCountry "ESP"]
[Source "lmi"]
[SourceDate "2008.06.25"]

1. e4 e5 2. Bc4 Nf6 3. d3 d5 4. exd5 Nxd5 5. Nf3 Nc6 6. O-O Bc5 7. Re1 O-O 8.
c3 Bg4 9. h3 Bh5 10. Nbd2 Nf4 11. Ne4 Be7 12. Ng3 Bg6 13. Nxe5 Nxe5 14. Rxe5
Nxd3 15. Rd5 Nxf2 16. Rxd8 Nxd1 17. Rxd1 Bc5+ 18. Kf1 Bc2 19. Rd5 Bd6 20. Ne2
Be4 21. Rd4 Rae8 22. Bf4 Bc5 23. Rd2 c6 24. b4 Be7 25. Re1 b5 26. Bb3 Kh8 27.
Bd6 Bxd6 28. Rxd6 Re5 29. Kf2 Rf5+ 30. Kg1 Rg5 31. Nf4 f5 32. Kh2 g6 33. Bd1
1-0

[Event "16. Open Ciutat de Montcada 2008"]
[Site "Montcada i Reixac ESP"]
[Date "2008.07.02"]
[Round "8.10"]
[White "Cruz, Filemon"]
[Black "Cuartas, Jaime Alexander"]
[Result "1/2-1/2"]
[WhiteElo "2403"]
[BlackElo "2496"]
[PlyCount "48"]
[EventDate "2008.06.25"]
[EventType "swiss"]
[EventRounds "9"]
[EventCountry "ESP"]
[Source "lmi"]
[SourceDate "2008.06.25"]

1. d4 d5 2. c4 c6 3. Nc3 Nf6 4. Nf3 e6 5. Bg5 Nbd7 6. e3 Qa5 7. Nd2 dxc4 8.
Bxf6 Nxf6 9. Nxc4 Qc7 10. Rc1 Be7 11. Bd3 O-O 12. O-O c5 13. dxc5 Bxc5 14. Na4
Bd7 15. Nd2 Bxa4 16. Qxa4 Qe7 17. Ne4 Nxe4 18. Qxe4 g6 19. h4 Rad8 20. Rfd1 b6
21. g3 a5 22. a3 Rd5 23. Bc4 Rxd1+ 24. Rxd1 Rd8 1/2-1/2

[Event "16. Open Ciutat de Montcada 2008"]
[Site "Montcada i Reixac ESP"]
[Date "2008.07.03"]
[Round "9.1"]
[White "Radulski, Julian"]
[Black "Moskalenko, Viktor"]
[Result "1/2-1/2"]
[WhiteElo "2514"]
[BlackElo "2572"]
[PlyCount "48"]
[EventDate "2008.06.25"]
[EventType "swiss"]
[EventRounds "9"]
[EventCountry "ESP"]
[Source "lmi"]
[SourceDate "2008.06.25"]

1. e4 e6 2. d4 d5 3. Nc3 Nf6 4. e5 Nfd7 5. f4 c5 6. Nf3 Nc6 7. Be3 Qb6 8. Qd2
Qxb2 9. Rb1 Qa3 10. Bb5 c4 11. O-O Bb4 12. Rxb4 Qxb4 13. f5 exf5 14. Nxd5 Qxd2
15. Nxd2 O-O 16. Nxc4 Nb6 17. Ncxb6 axb6 18. a4 Be6 19. Nxb6 Rad8 20. c3 h6 21.
Bc1 Na7 22. Ba3 Nxb5 23. axb5 Rfe8 24. Bd6 f6 1/2-1/2

[Event "16. Open Ciutat de Montcada 2008"]
[Site "Montcada i Reixac ESP"]
[Date "2008.07.03"]
[Round "9.2"]
[White "Gonzalez Vidal, Yuri"]
[Black "Bruzon Batista, Lazaro"]
[Result "1/2-1/2"]
[WhiteElo "2477"]
[BlackElo "2608"]
[PlyCount "42"]
[EventDate "2008.06.25"]
[EventType "swiss"]
[EventRounds "9"]
[EventCountry "ESP"]
[Source "lmi"]
[SourceDate "2008.06.25"]

1. e4 e5 2. Nf3 Nc6 3. Bb5 a6 4. Ba4 Nf6 5. O-O Be7 6. Re1 b5 7. Bb3 d6 8. c3
O-O 9. h3 Nb8 10. d4 Nbd7 11. Nbd2 Bb7 12. Bc2 Re8 13. Nf1 Bf8 14. Ng3 c6 15.
a4 Qc7 16. Bd3 h6 17. Bd2 Rac8 18. b4 Nb6 19. a5 Nbd7 20. Rc1 Qd8 21. Bb1 g6
1/2-1/2

[Event "16. Open Ciutat de Montcada 2008"]
[Site "Montcada i Reixac ESP"]
[Date "2008.07.03"]
[Round "9.3"]
[White "Jerez Perez, Alfonso"]
[Black "Lopez Martinez, Josep Manuel"]
[Result "0-1"]
[WhiteElo "2411"]
[BlackElo "2575"]
[PlyCount "82"]
[EventDate "2008.06.25"]
[EventType "swiss"]
[EventRounds "9"]
[EventCountry "ESP"]
[Source "lmi"]
[SourceDate "2008.06.25"]

1. e4 e6 2. d4 d5 3. e5 c5 4. c3 Qb6 5. Nf3 Nc6 6. Bd3 cxd4 7. cxd4 Bd7 8. O-O
Nxd4 9. Nbd2 Nc6 10. Nb3 Nge7 11. h4 Ng6 12. Re1 Qc7 13. Nbd4 Nxd4 14. Nxd4
Nxh4 15. Nb5 Qd8 16. Qg4 Nf5 17. Bg5 Qa5 18. a4 a6 19. b4 Bxb4 20. Nc7+ Qxc7
21. Qxb4 h6 22. Rac1 Bc6 23. Bd2 a5 24. Qg4 O-O 25. Bxf5 exf5 26. Qxf5 Qd7 27.
Qh5 d4 28. Rc5 Rfe8 29. Bxa5 Re6 30. Qe2 d3 31. Qf1 Rg6 32. f3 Bxa4 33. Bd2 Bb5
34. Rb1 Ra2 35. Qf2 Bc6 36. Rd1 Qh3 37. Rf1 Bxf3 38. Qxf3 Qxf3 39. Rxf3 Rxd2
40. Rf2 Rxf2 41. Kxf2 Re6 0-1

[Event "16. Open Ciutat de Montcada 2008"]
[Site "Montcada i Reixac ESP"]
[Date "2008.07.03"]
[Round "9.4"]
[White "Sriram, Jha"]
[Black "Peralta, Fernando"]
[Result "1/2-1/2"]
[WhiteElo "2452"]
[BlackElo "2546"]
[PlyCount "69"]
[EventDate "2008.06.25"]
[EventType "swiss"]
[EventRounds "9"]
[EventCountry "ESP"]
[Source "lmi"]
[SourceDate "2008.06.25"]

1. d4 d5 2. c4 c6 3. Nf3 Nf6 4. Nc3 dxc4 5. a4 Bf5 6. Ne5 Nbd7 7. Nxc4 Qc7 8.
g3 e5 9. dxe5 Nxe5 10. Bf4 Nfd7 11. Bg2 f6 12. O-O Rd8 13. Qc1 Be6 14. Nxe5
Nxe5 15. Qe3 a5 16. Ne4 Bb4 17. Nc5 Bf7 18. Nd3 Bd6 19. Bxe5 fxe5 20. f4 O-O
21. fxe5 Qe7 22. Qb6 Bxe5 23. Nxe5 Qxe5 24. Qxb7 Bd5 25. Bxd5+ cxd5 26. Qb3 h6
27. Rxf8+ Rxf8 28. Rd1 Qxe2 29. Qxd5+ Kh8 30. Qd4 Rb8 31. Rd2 Qe1+ 32. Kg2 Rf8
33. Rf2 Rxf2+ 34. Qxf2 Qe4+ 35. Qf3 1/2-1/2